00450nam a2200133 a 450000100100000000500170001000800410002702000150006804000250008324500820010826000660019030000370025670000230029300003410720200930070800.0110923s1992 xxu 000 0 spa d a9275320470 aDO-SdBNPbspacBNPHU00aSalud reproductiva en las Américas /cEditores Guillermo López...[et.al]. aWashington :bOrganización Panamericana de la Salud,c1992. a652 p. :bil., gráf. ;c30 cm.1 aLópez, Guillermo